| 000 | 01029cam a2200301 a 4500 | ||
|---|---|---|---|
| 001 | 29086 | ||
| 003 | BD-RjUL | ||
| 005 | 20211209051354.0 | ||
| 008 | 140402s1987 ja a 001 0 eng d | ||
| 020 | _a0870115464 (v. 1) : | ||
| 020 | _a0870115472 (v. 2) : | ||
| 035 | _a(BD-RjUL)29171 | ||
| 040 |
_aDLC _cDLC _dDLC _dBD-RjUL _beng |
||
| 041 | _aeng | ||
| 082 | 0 | 0 |
_a952 _219 _bDIS V-1 1987 |
| 245 | 1 | 0 |
_aDiscover Japan : _bwords, customs, and concepts / _nVol 1 |
| 250 | _a1st ed. | ||
| 260 |
_aTokyo ; _aNew York : _bKodansha International, _c1987. |
||
| 300 |
_a208 p : _bill. ; _c17 cm. |
||
| 500 | _aReprint. Originally published: v. 1: A hundred things Japanese; v. 2: A hundred more things Japanese. Tokyo : Japan Culture Institute, 1975-1980. With new prefaces. | ||
| 500 | _aIncludes indexes. | ||
| 651 | 0 |
_aJapan _xCivilization. _988837 |
|
| 651 | 0 |
_aJapan _xForeign public opinion. _976922 |
|
| 740 | 0 | _aHundred more things Japanese. | |
| 942 |
_2ddc _cBK |
||
| 999 |
_c29086 _d29086 |
||